000 00913cam a22002174a 4500
005 20250605163941.0
008 250528s ||||||||||||||||||||||||d
035 _a15042
020 _a273655523
040 _aGR-AtMCL
_bgre
_dGR-AtMCL
_eAACR2
245 1 _aFrank Wood's Business Accounting 1 / Ninth Edition
250 _a9th
260 _bPrentice Hall,
_c2002
300 _a684
520 _aThe world's best-selling textbook on bookkeeping and accounting. Introduction to Double Entry Bookkeeping, The Financial Statements of Sole Traders, Books of Origin Entry, Adjustments for Financial Statements, Special Accounting Procedures, Partnership Accounts and Company Accounts, An Introduction to Financial Analysis, An Introduction to Management Accounting, Appendices, Glossary, Index.
700 1 _aSangster Alan
_9878
700 1 _aWood Frank
_9873
942 _cBK
999 _c645
_d645